| 000 | 00419 a2200145 4500 | ||
|---|---|---|---|
| 005 | 20250320144711.0 | ||
| 020 | _a0 521 08203 X | ||
| 082 | _a513.22 CAM | ||
| 245 | _aThe School Mathematics Project: Advanced Tables | ||
| 250 | _a2nd Ed. | ||
| 260 |
_aLondon, _bCambridge University Press _c1971 |
||
| 300 |
_a61p., ill., tables, _c24cm |
||
| 610 |
_tS.M.P. Advanced Tables _aCAMBRIDGE University Press |
||
| 942 |
_2ddc _cBKS |
||
| 999 |
_c1032 _d1032 |
||